[Event "Mindsports Blitz 4th"]
[Site "London"]
[Date "2024.07.23"]
[Round "9.8"]
[White "Estrada, Matias"]
[Black "Clery, Liam"]
[Result "0-1"]
[WhiteElo "1647"]
[BlackElo "1877"]
[PlyCount "54"]
[EventDate "2024.07.23"]
[EventType "swiss (blitz)"]
[EventRounds "14"]
[EventCountry "ENG"]
[SourceTitle "BritBase"]
[Source "John Saunders"]
[SourceDate "2024.08.27"]
[SourceVersion "1"]
[SourceVersionDate "2024.08.27"]
[SourceQuality "1"]

1. e4 Nf6 2. e5 Nd5 3. d4 d6 4. exd6 cxd6 5. Nf3 g6 6. c4 Nb6 7. Nc3 Bg7 8. Be3 Nc6 9. a3 O-O 10. Be2 Bg4 11. b3 e5 12. d5 Ne7 13. O-O Nf5 14. Bg5 Qd7 15. Bh4 Bxf3 16. Bxf3 Nxh4 17. Be4 Nf5 18. Qd3 Ne7 19. Rac1 f5 20. Bf3 e4 21. Nxe4 fxe4 22. Bxe4 Nf5 23. Bxf5 Rxf5 24. Rfe1 Re5 25. Rxe5 Bxe5 26. Qe4 Re8 27. Qf3 Qf7 0-1

[Event "Mindsports Blitz 4th"]
[Site "London"]
[Date "2024.07.23"]
[Round "9.9"]
[White "Pein, Jonathan"]
[Black "Keohane, Ben"]
[Result "1-0"]
[WhiteElo "2128"]
[BlackElo "1919"]
[PlyCount "81"]
[EventDate "2024.07.23"]
[EventType "swiss (blitz)"]
[EventRounds "14"]
[EventCountry "ENG"]
[SourceTitle "BritBase"]
[Source "John Saunders"]
[SourceDate "2024.08.27"]
[SourceVersion "1"]
[SourceVersionDate "2024.08.27"]
[SourceQuality "1"]

1. e4 Nf6 2. d3 d5 3. exd5 Qxd5 4. Nf3 c6 5. Nc3 Qa5 6. g3 Bg4 7. Bg2 Nbd7 8. O-O Qh5 9. Qe2 e6 10. Ne4 Nxe4 11. Qxe4 Nf6 12. Qf4 Nd5 13. Qe4 Be7 14. Ne5 Bf5 15. Qe1 Nf6 16. Bf3 Bg4 17. Bg2 Bh3 18. Bf3 Bg4 19. Nxg4 Nxg4 20. h4 Qf5 21. Qe4 Qxe4 22. dxe4 Ne5 23. Be2 O-O-O 24. Be3 Kb8 25. Bf4 Bd6 26. Rfd1 Bc7 27. Kg2 h6 28. h5 g5 29. hxg6 Nxg6 30. Bxc7+ Kxc7 31. f4 h5 32. Kf3 h4 33. g4 e5 34. f5 Nf4 35. Bc4 f6 36. Rg1 Rd2 37. g5 fxg5 38. Rxg5 Rxc2 39. f6 Rxc4 40. f7 h3 41. Rg8 1-0

[Event "Mindsports Blitz 4th"]
[Site "London"]
[Date "2024.07.23"]
[Round "9.10"]
[White "Kirupakaran, Vishnu"]
[Black "Bijeljic, Branko"]
[Result "0-1"]
[WhiteElo "1842"]
[BlackElo "1924"]
[PlyCount "132"]
[EventDate "2024.07.23"]
[EventType "swiss (blitz)"]
[EventRounds "14"]
[EventCountry "ENG"]
[SourceTitle "BritBase"]
[Source "John Saunders"]
[SourceDate "2024.08.27"]
[SourceVersion "1"]
[SourceVersionDate "2024.08.27"]
[SourceQuality "1"]

1. e4 c5 2. Nc3 d6 3. d4 cxd4 4. Qxd4 Bd7 5. b3 Nc6 6. Qd2 a6 7. Bb2 e6 8. f4 Be7 9. Nf3 Qc7 10. O-O-O Nf6 11. h3 h6 12. g4 O-O-O 13. Bg2 Rhg8 14. Kb1 g5 15. fxg5 hxg5 16. Qf2 Ne5 17. Nd4 Kb8 18. Rhe1 Rc8 19. Rc1 Qa5 20. Nce2 Qb6 21. c4 Ka8 22. Qe3 Bc6 23. Nc3 Rcd8 24. Nxc6 Qxc6 25. Na4 Nfd7 26. Red1 f6 27. Bf1 Rc8 28. Ba3 Nc5 29. Nxc5 dxc5 30. Bb2 Bd6 31. Rd2 Bc7 32. Rcd1 b6 33. Bc3 Kb7 34. Kb2 Rg7 35. Bg2 Ka7 36. Qf2 Rf8 37. Re1 Rd7 38. Red1 Rxd2+ 39. Rxd2 Qe8 40. Qe2 Qe7 41. Qd1 Kb7 42. Kc2 Kc6 43. a3 a5 44. Kb1 a4 45. Qc2 axb3 46. Qxb3 Rd8 47. Qb5+ Kb7 48. Rb2 Qd7 49. a4 Qd3+ 50. Ka2 Qxc4+ 51. Qxc4 Nxc4 52. Rf2 Be5 53. Bxe5 fxe5 54. Rf7+ Kc6 55. Rg7 Rd2+ 56. Kb3 Na5+ 57. Kc3 Rxg2 58. Rxg5 Rg3+ 59. Kc2 Rxh3 60. Rg8 b5 61. axb5+ Kxb5 62. g5 Kc4 63. g6 Rg3 64. g7 Nc6 65. Rc8 Nd4+ 66. Kd2 Rxg7 0-1

[Event "Mindsports Blitz 4th"]
[Site "London"]
[Date "2024.07.23"]
[Round "10.1"]
[White "Gasanov, Eldar"]
[Black "Cancedda-Dupuis, Livio"]
[Result "1/2-1/2"]
[WhiteElo "2474"]
[BlackElo "2000"]
[PlyCount "64"]
[EventDate "2024.07.23"]
[EventType "swiss (blitz)"]
[EventRounds "14"]
[EventCountry "ENG"]
[SourceTitle "BritBase"]
[Source "John Saunders"]
[SourceDate "2024.08.27"]
[SourceVersion "1"]
[SourceVersionDate "2024.08.27"]
[SourceQuality "1"]

1. d4 Nf6 2. c4 e6 3. Bg5 d5 4. e3 c6 5. Nc3 Bb4 6. Qc2 Nbd7 7. cxd5 exd5 8. Bd3 h6 9. Bf4 O-O 10. h3 Re8 11. Nf3 c5 12. dxc5 Nxc5 13. Bb5 Bd7 14. O-O Bxc3 15. Bxd7 Qxd7 16. Qxc3 Rac8 17. Qa3 a6 18. Be5 Nfe4 19. Rfd1 Ng5 20. Nxg5 Rxe5 21. Nf3 Ree8 22. Rd4 Ne6 23. Rd2 Red8 24. Rad1 Qb5 25. g3 Rc4 26. b3 Rc7 27. e4 Rcd7 28. Ne5 Rd6 29. Nc4 R6d7 30. Ne5 Rd6 31. Nc4 R6d7 32. Ne5 Rd6 1/2-1/2

[Event "Mindsports Blitz 4th"]
[Site "London"]
[Date "2024.07.23"]
[Round "10.2"]
[White "Johnson, Daniel"]
[Black "Senlle Caride, Miguel"]
[Result "1-0"]
[WhiteElo "2271"]
[BlackElo "2339"]
[PlyCount "51"]
[EventDate "2024.07.23"]
[EventType "swiss (blitz)"]
[EventRounds "14"]
[EventCountry "ENG"]
[SourceTitle "BritBase"]
[Source "John Saunders"]
[SourceDate "2024.08.27"]
[SourceVersion "1"]
[SourceVersionDate "2024.08.27"]
[SourceQuality "1"]

1. d4 d5 2. c4 e6 3. Nc3 Nf6 4. cxd5 exd5 5. Bg5 Be7 6. e3 O-O 7. Qc2 c5 8. dxc5 Nbd7 9. c6 bxc6 10. Nf3 h6 11. Bh4 Qb6 12. Be2 Rb8 13. b3 Bb4 14. O-O Qc5 15. Rac1 Ba3 16. Na4 Qe7 17. Rcd1 Bb7 18. Nd4 Rbc8 19. Bd3 Rfe8 20. h3 c5 21. Nb5 c4 22. Bf5 Bb4 23. Nxa7 Ra8 24. Nb5 Rac8 25. Bg3 Bd6 26. Nxd6 1-0

[Event "Mindsports Blitz 4th"]
[Site "London"]
[Date "2024.07.23"]
[Round "10.3"]
[White "Badacsonyi, Stanley"]
[Black "Clarke, Connor"]
[Result "1-0"]
[WhiteElo "2306"]
[BlackElo "2116"]
[PlyCount "156"]
[EventDate "2024.07.23"]
[EventType "swiss (blitz)"]
[EventRounds "14"]
[EventCountry "ENG"]
[SourceTitle "BritBase"]
[Source "John Saunders"]
[SourceDate "2024.08.27"]
[SourceVersion "1"]
[SourceVersionDate "2024.08.27"]
[SourceQuality "1"]

1. d4 d5 2. c4 dxc4 3. e3 e6 4. Nf3 Nf6 5. Bxc4 a6 6. Nc3 c5 7. O-O Nbd7 8. a3 b5 9. Be2 Bb7 10. dxc5 Nxc5 11. b4 Nce4 12. Bb2 Be7 13. Nxe4 Bxe4 14. Rc1 O-O 15. h3 Rc8 16. Rxc8 Qxc8 17. Qc1 Qb7 18. Rd1 Rc8 19. Qd2 h6 20. Rc1 Rd8 21. Qc3 Bd6 22. Rd1 Bc7 23. Rc1 Bd6 24. Ne1 Qe7 25. Bf3 Bxf3 26. Nxf3 Qf8 27. Qc6 Ra8 28. Bxf6 gxf6 29. Qb6 Qe7 30. Rc6 Rd8 31. Qxa6 Bb8 32. Rc8 Kg7 33. Rxd8 Qxd8 34. Qxb5 Qd1+ 35. Qf1 Qb3 36. Qc1 Bd6 37. Nd4 Qd3 38. g3 h5 39. Qb2 h4 40. gxh4 Be5 41. b5 Qg6+ 42. Kf1 Qd3+ 43. Ke1 Bd6 44. Qb3 Qe4 45. b6 Qb7 46. a4 Qh1+ 47. Ke2 Qxh3 48. b7 Qg4+ 49. Kd2 Bb8 50. Nc6 Qxh4 51. Nxb8 Qxf2+ 52. Kc1 Qg1+ 53. Kb2 Qh2+ 54. Ka3 Qxb8 55. a5 f5 56. a6 Qd6+ 57. Kb2 Qd2+ 58. Kb1 Qe1+ 59. Ka2 Qa5+ 60. Qa3 Qd5+ 61. Kb2 Qd2+ 62. Kb3 Qxe3+ 63. Ka4 Qd4+ 64. Qb4 Qd7+ 65. Ka5 Qc7+ 66. Kb5 Qd7+ 67. Kb6 Qd8+ 68. Ka7 Qc7 69. Ka8 Qc6 70. Qd4+ Kg6 71. Ka7 Qc7 72. Qb6 Qd7 73. Ka8 Qd5 74. a7 f4 75. Kb8 Qe5+ 76. Kc8 Qh8+ 77. Kd7 Qh3 78. b8=Q {... and it looks like there was an illegal continuation here... e5+ Ke8+} Qh8 1-0

[Event "Mindsports Blitz 4th"]
[Site "London"]
[Date "2024.07.23"]
[Round "10.6"]
[White "Dias, Savin"]
[Black "Alizada, Eldar"]
[Result "1/2-1/2"]
[WhiteElo "1872"]
[BlackElo "1929"]
[PlyCount "80"]
[EventDate "2024.07.23"]
[EventType "swiss (blitz)"]
[EventRounds "14"]
[EventCountry "ENG"]
[SourceTitle "BritBase"]
[Source "John Saunders"]
[SourceDate "2024.08.27"]
[SourceVersion "1"]
[SourceVersionDate "2024.08.27"]
[SourceQuality "1"]

1. e4 e6 2. d4 d5 3. Nc3 dxe4 4. Nxe4 Nd7 5. Bd3 Ngf6 6. Nf3 Be7 7. O-O O-O 8. Bd2 b6 9. c4 Bb7 10. Qc2 Nxe4 11. Bxe4 Bxe4 12. Qxe4 Nf6 13. Qe2 c5 14. Bc3 cxd4 15. Nxd4 Qc7 16. Rfe1 Rac8 17. b3 Rfd8 18. Nf5 Bf8 19. Nh6+ Kh8 20. Bxf6 gxf6 21. Ng4 Qf4 22. g3 Qg5 23. h4 Qf5 24. Rad1 Bb4 25. Rxd8+ Rxd8 26. Rd1 Rxd1+ 27. Qxd1 Kg7 28. Ne3 Qe4 29. Kf1 Bc5 30. Qg4+ Qxg4 31. Nxg4 Bd4 32. Ke2 f5 33. Nh2 e5 34. Nf3 Bb2 35. Ne1 Kf6 36. Nd3 Bd4 37. Nb4 a5 38. Nd5+ Ke6 39. Nc7+ Kd7 40. Nd5 Ke6 1/2-1/2

[Event "Mindsports Blitz 4th"]
[Site "London"]
[Date "2024.07.23"]
[Round "10.7"]
[White "Mozaffari, Mohammad Hossein"]
[Black "Vashisht-Pigem, Raman"]
[Result "0-1"]
[WhiteElo "1872"]
[BlackElo "1878"]
[PlyCount "66"]
[EventDate "2024.07.23"]
[EventType "swiss (blitz)"]
[EventRounds "14"]
[EventCountry "ENG"]
[SourceTitle "BritBase"]
[Source "John Saunders"]
[SourceDate "2024.08.27"]
[SourceVersion "1"]
[SourceVersionDate "2024.08.27"]
[SourceQuality "1"]

1. e4 e5 2. Nf3 Nc6 3. Bc4 Nf6 4. Nc3 Bc5 5. d3 O-O 6. O-O d6 7. h3 h6 8. a3 Bb6 9. Ba2 Be6 10. Nd5 Nd4 11. c3 Bxd5 12. exd5 Nxf3+ 13. Qxf3 Re8 14. Re1 Qd7 15. Bd2 Nh7 16. b4 f5 17. Rac1 Rf8 18. c4 Bd4 19. Be3 Bxe3 20. fxe3 Ng5 21. Qg3 f4 22. exf4 exf4 23. Qg4 Qxg4 24. hxg4 Rae8 25. Rxe8 Rxe8 26. Kf2 Re3 27. Rd1 Rg3 28. Re1 Rxd3 29. Bb1 Rd2+ 30. Kg1 f3 31. Re7 Rd1+ 32. Kh2 f2 33. Bg6 f1=Q 0-1

[Event "Mindsports Blitz 4th"]
[Site "London"]
[Date "2024.07.23"]
[Round "10.8"]
[White "Clery, Liam"]
[Black "Estrada, Matias"]
[Result "1-0"]
[WhiteElo "1877"]
[BlackElo "1647"]
[PlyCount "63"]
[EventDate "2024.07.23"]
[EventType "swiss (blitz)"]
[EventRounds "14"]
[EventCountry "ENG"]
[SourceTitle "BritBase"]
[Source "John Saunders"]
[SourceDate "2024.08.27"]
[SourceVersion "1"]
[SourceVersionDate "2024.08.27"]
[SourceQuality "1"]

1. e4 e5 2. Nc3 Nc6 3. Bc4 d6 4. Nge2 Nf6 5. d4 Be7 6. O-O h6 7. f4 exd4 8. Nxd4 Nxd4 9. Qxd4 Be6 10. e5 dxe5 11. Qxd8+ Rxd8 12. Bxe6 fxe6 13. fxe5 Ng4 14. Ne4 Nxe5 15. Bf4 Bd6 16. Rae1 O-O 17. Nxd6 cxd6 18. Bxe5 Rxf1+ 19. Kxf1 dxe5 20. Rxe5 Rd2 21. Rc5 Rd7 22. Ke2 Kf7 23. Ke3 Kf6 24. Rc8 a6 25. c4 e5 26. b4 Rd1 27. a4 Ra1 28. Rc7 Rxa4 29. Rxb7 Kf5 30. c5 Ra3+ 31. Kd2 Ra2+ 32. Kc3 1-0

[Event "Mindsports Blitz 4th"]
[Site "London"]
[Date "2024.07.23"]
[Round "10.9"]
[White "Keohane, Ben"]
[Black "Pein, Jonathan"]
[Result "0-1"]
[WhiteElo "1919"]
[BlackElo "2128"]
[PlyCount "102"]
[EventDate "2024.07.23"]
[EventType "swiss (blitz)"]
[EventRounds "14"]
[EventCountry "ENG"]
[SourceTitle "BritBase"]
[Source "John Saunders"]
[SourceDate "2024.08.27"]
[SourceVersion "1"]
[SourceVersionDate "2024.08.27"]
[SourceQuality "1"]

1. b3 a5 2. Bb2 a4 3. a3 axb3 4. cxb3 e6 5. b4 c5 6. e3 cxb4 7. Nf3 bxa3 8. Nxa3 Nf6 9. Bb5 Nc6 10. O-O Be7 11. Nc4 Rxa1 12. Qxa1 O-O 13. Re1 d6 14. e4 e5 15. Ba3 Bg4 16. Qc3 Bxf3 17. gxf3 Nd4 18. Ba4 b5 19. Bd1 bxc4 20. Qxc4 Nh5 21. Bb2 Ne6 22. f4 Nhxf4 23. Re3 Qb6 24. Ba3 d5 25. exd5 Bxa3 26. dxe6 Qb1 27. Qb3 Qxb3 28. Bxb3 fxe6 29. Rxe5 Bd6 30. Bxe6+ Kh8 31. Re3 Nxe6 32. Rxe6 Bc5 33. Re2 h6 34. Kg2 Kh7 35. f3 Kg6 36. Re4 Rd8 37. Rg4+ Kh7 38. Rc4 Rxd2+ 39. Kg3 Bd6+ 40. f4 Rd3+ 41. Kg4 Be7 42. h3 Bf6 43. Rc6 Rd4 44. Kf5 Rd5+ 45. Kg4 h5+ 46. Kg3 Rd3+ 47. Kg2 Kg6 48. Rc5 h4 49. Rb5 Rg3+ 50. Kh2 Rf3 51. Rb4 Rxf4 0-1

[Event "Mindsports Blitz 4th"]
[Site "London"]
[Date "2024.07.23"]
[Round "11.1"]
[White "Johnson, Daniel"]
[Black "Gasanov, Eldar"]
[Result "0-1"]
[WhiteElo "2271"]
[BlackElo "2474"]
[PlyCount "50"]
[EventDate "2024.07.23"]
[EventType "swiss (blitz)"]
[EventRounds "14"]
[EventCountry "ENG"]
[SourceTitle "BritBase"]
[Source "John Saunders"]
[SourceDate "2024.08.27"]
[SourceVersion "1"]
[SourceVersionDate "2024.08.27"]
[SourceQuality "1"]

1. d4 Nf6 2. c4 Nc6 3. Nf3 e6 4. Nc3 Bb4 5. Qc2 d5 6. cxd5 exd5 7. Bg5 h6 8. Bxf6 Qxf6 9. a3 Bf5 10. Qb3 Bxc3+ 11. Qxc3 Be4 12. Ne5 Nxe5 13. dxe5 Qe7 14. Rc1 O-O-O 15. Qc5 Qxe5 16. e3 Kb8 17. a4 b6 18. Qc3 d4 19. exd4 Rxd4 20. Qe3 Re8 21. Be2 Bxg2 22. Rg1 Qa5+ 23. Qc3 Bf3 24. Rc2 Qxc3+ 25. bxc3 Rde4 0-1

[Event "Mindsports Blitz 4th"]
[Site "London"]
[Date "2024.07.23"]
[Round "11.2"]
[White "Fellowes, Billy"]
[Black "Cancedda-Dupuis, Livio"]
[Result "0-1"]
[WhiteElo "1988"]
[BlackElo "2000"]
[PlyCount "68"]
[EventDate "2024.07.23"]
[EventType "swiss (blitz)"]
[EventRounds "14"]
[EventCountry "ENG"]
[SourceTitle "BritBase"]
[Source "John Saunders"]
[SourceDate "2024.08.27"]
[SourceVersion "1"]
[SourceVersionDate "2024.08.27"]
[SourceQuality "1"]

1. d4 Nf6 2. Nf3 e6 3. c4 d5 4. Nc3 Bb4 5. Bd2 O-O 6. e3 b6 7. cxd5 Bxc3 8. Bxc3 Nxd5 9. Bd3 Nxc3 10. bxc3 Bb7 11. Qc2 h6 12. Be4 Bxe4 13. Qxe4 Nd7 14. O-O Qe7 15. a4 c5 16. a5 cxd4 17. cxd4 b5 18. a6 Qd6 19. Rfb1 Rab8 20. Qd3 b4 21. h3 Rb6 22. Qc4 Rfb8 23. Nd2 Rc6 24. Qd3 Rc3 25. Qe2 Qc6 26. Nb3 Rb6 27. Na5 Qc8 28. Nb7 Rc2 29. Qd3 Qc3 30. Qe4 b3 31. Nc5 b2 32. Nxd7 Rc1+ 33. Kh2 bxa1=Q 34. Qa8+ Qc8 0-1

[Event "Mindsports Blitz 4th"]
[Site "London"]
[Date "2024.07.23"]
[Round "11.3"]
[White "Badacsonyi, Stanley"]
[Black "Senlle Caride, Miguel"]
[Result "0-1"]
[WhiteElo "2306"]
[BlackElo "2339"]
[PlyCount "82"]
[EventDate "2024.07.23"]
[EventType "swiss (blitz)"]
[EventRounds "14"]
[EventCountry "ENG"]
[SourceTitle "BritBase"]
[Source "John Saunders"]
[SourceDate "2024.08.27"]
[SourceVersion "1"]
[SourceVersionDate "2024.08.27"]
[SourceQuality "1"]

1. d4 d5 2. Nc3 Nf6 3. Bf4 c5 4. e4 Nxe4 5. Nxe4 dxe4 6. dxc5 Qa5+ 7. c3 Qxc5 8. Qa4+ Nc6 9. Qxe4 g6 10. Nf3 Bg7 11. Rd1 Bf5 12. Qa4 O-O 13. Be2 Qb6 14. Qb5 Qxb5 15. Bxb5 Be6 16. a3 Rfd8 17. O-O Bb3 18. Rxd8+ Rxd8 19. Bxc6 bxc6 20. Be3 a6 21. Bd4 f6 22. Re1 e5 23. Be3 Kf7 24. Nd2 Bc2 25. Rc1 Bd3 26. Nb3 f5 27. Nc5 f4 28. Bd2 Bf8 29. Nxd3 Rxd3 30. Be1 e4 31. Kf1 g5 32. Ke2 Ke6 33. c4 Bg7 34. Bc3 Bxc3 35. bxc3 Kd6 36. Rb1 Rxc3 37. Rb7 Rxa3 38. Rxh7 Ra2+ 39. Ke1 Kc5 40. Rg7 Kxc4 41. Rxg5 Kd3 0-1

[Event "Mindsports Blitz 4th"]
[Site "London"]
[Date "2024.07.23"]
[Round "11.4"]
[White "Clery, Liam"]
[Black "Clarke, Connor"]
[Result "1/2-1/2"]
[WhiteElo "1877"]
[BlackElo "2116"]
[PlyCount "144"]
[EventDate "2024.07.23"]
[EventType "swiss (blitz)"]
[EventRounds "14"]
[EventCountry "ENG"]
[SourceTitle "BritBase"]
[Source "John Saunders"]
[SourceDate "2024.08.27"]
[SourceVersion "1"]
[SourceVersionDate "2024.08.27"]
[SourceQuality "1"]

1. e4 e6 2. d4 d5 3. Nd2 c5 4. Ngf3 cxd4 5. Nxd4 Nc6 6. Nxc6 bxc6 7. exd5 exd5 8. Bd3 Bd6 9. O-O Nf6 10. Re1+ Be6 11. Nf3 O-O 12. Bg5 h6 13. Bh4 Be7 14. Qe2 Re8 15. c4 Rb8 16. Bg3 Rb7 17. Qc2 dxc4 18. Bxc4 Nd5 19. Rad1 Bf6 20. Be5 Qe7 21. Nd4 Bxe5 22. Rxe5 Qf6 23. Ree1 Reb8 24. b3 Nb4 25. Qe2 Bd5 26. Bxd5 Nxd5 27. Qc4 Nf4 28. Qxc6 Qg5 29. Qf3 Rd7 30. Nc6 Rbb7 31. g3 Ne6 32. Rxd7 Rxd7 33. Ne5 Rc7 34. Qe3 Qf6 35. Ng4 Qf5 36. Ne5 a5 37. Nc4 a4 38. Rd1 axb3 39. axb3 Ng5 40. Kg2 Qh3+ 41. Kg1 Qh5 42. Rd8+ Kh7 43. Kg2 Qh3+ 44. Kg1 Rc6 45. Qd3+ g6 46. f4 Ne6 47. Rd7 Kg7 48. Rxf7+ Kxf7 49. Ne5+ Kf8 50. Nxc6 Nxf4 51. Qf3 g5 52. Nd4 Qd7 53. gxf4 Qxd4+ 54. Kg2 gxf4 55. Qa8+ Kg7 56. Qb7+ Kg6 57. Qc6+ Kg5 58. Qb5+ Kh4 59. Qc4 Qd2+ 60. Kf3 Qe3+ 61. Kg2 h5 62. Qc2 f3+ 63. Kf1 Kh3 64. Qf5+ Kxh2 65. Qxh5+ Kg3 66. Qg6+ Kh3 67. Qh5+ Kg3 68. Qg6+ Kf4 69. Qh6+ Ke4 70. Qxe3+ Kxe3 71. b4 Kd4 72. Kf2 Ke5 1/2-1/2

[Event "Mindsports Blitz 4th"]
[Site "London"]
[Date "2024.07.23"]
[Round "11.5"]
[White "Patel, Zain"]
[Black "Pein, Jonathan"]
[Result "1-0"]
[WhiteElo "2063"]
[BlackElo "2128"]
[PlyCount "109"]
[EventDate "2024.07.23"]
[EventType "swiss (blitz)"]
[EventRounds "14"]
[EventCountry "ENG"]
[SourceTitle "BritBase"]
[Source "John Saunders"]
[SourceDate "2024.08.27"]
[SourceVersion "1"]
[SourceVersionDate "2024.08.27"]
[SourceQuality "1"]

1. Nf3 b6 2. b3 Bb7 3. Bb2 e6 4. d4 f5 5. g3 Nf6 6. Bg2 g6 7. O-O Bg7 8. c4 O-O 9. Nc3 Ne4 10. Qc2 d6 11. Nd2 Nxc3 12. Bxb7 Nxe2+ 13. Kh1 Nxd4 14. Qd3 Nbc6 15. Bxa8 Qxa8 16. f3 e5 17. Bxd4 Nxd4 18. Rae1 Bh6 19. Nb1 g5 20. Nc3 g4 21. Nd5 gxf3 22. g4 c6 23. Ne7+ Kf7 24. Nxf5 Nxf5 25. Qxf5+ Kg7 26. Qd7+ Rf7 27. Qxd6 f2 28. Qxe5+ Kg6 29. Re2 c5+ 30. Qe4+ Qxe4+ 31. Rxe4 Bg5 32. Kg2 Bh4 33. Re2 Kg5 34. h3 Kg6 35. Re6+ Kg7 36. Re3 Rd7 37. g5 Kg6 38. Re5 Rd3 39. Rd5 Rg3+ 40. Kxf2 Rxg5+ 41. Ke2 Rg2+ 42. Kd3 Rxa2 43. Rg1+ Kf7 44. Rg4 Be7 45. Rh5 Ra3 46. Rxh7+ Ke6 47. Re4+ Kf5 48. Rhxe7 Rxb3+ 49. Kc2 Rxh3 50. Re3 Rh4 51. Kc3 a6 52. R7e6 b5 53. R6e5+ Kf6 54. Rxc5 bxc4 55. Rxc4 1-0

[Event "Mindsports Blitz 4th"]
[Site "London"]
[Date "2024.07.23"]
[Round "11.6"]
[White "Bijeljic, Branko"]
[Black "Pollack, Oscar"]
[Result "0-1"]
[WhiteElo "1924"]
[BlackElo "1958"]
[PlyCount "89"]
[EventDate "2024.07.23"]
[EventType "swiss (blitz)"]
[EventRounds "14"]
[EventCountry "ENG"]
[SourceTitle "BritBase"]
[Source "John Saunders"]
[SourceDate "2024.08.27"]
[SourceVersion "1"]
[SourceVersionDate "2024.08.27"]
[SourceQuality "1"]

1. e4 e6 2. d4 d5 3. Nd2 Nc6 4. Ngf3 Nf6 5. e5 Nd7 6. Bb5 a6 7. Bxc6 bxc6 8. O-O c5 9. c3 cxd4 10. cxd4 c5 11. dxc5 Bxc5 12. Nb3 Bb6 13. Bg5 Qc7 14. Rc1 Qa7 15. Qd2 O-O 16. Be7 Re8 17. Bd6 Bb7 18. Qf4 h6 19. Nfd4 Rac8 20. Qg4 Rc4 21. Rfd1 Rec8 22. Rc3 Rxc3 23. bxc3 Rxc3 24. Nxe6 fxe6 25. Qxe6+ Kh8 26. Qe8+ Kh7 27. Qxd7 Bxf2+ 28. Kh1 d4 29. Qf5+ Kh8 30. Qxf2 Qb6 31. Qxd4 Qc6 32. Qg4 Rc2 33. Rg1 Qd5 34. Qd4 Qf3 35. Nd2 Qe2 36. Qf4 Rxd2 37. Qf8+ Kh7 38. Qf5+ Kh8 39. Qf8+ Kh7 40. Qf5+ Kg8 41. Qe6+ Kh8 42. Qh3 Rxa2 43. e6 Ra4 44. e7 Re4 45. Ba3 0-1

[Event "Mindsports Blitz 4th"]
[Site "London"]
[Date "2024.07.23"]
[Round "11.8"]
[White "Dias, Savin"]
[Black "Chakanyuka, Charles"]
[Result "1-0"]
[WhiteElo "1872"]
[BlackElo "1978"]
[PlyCount "71"]
[EventDate "2024.07.23"]
[EventType "swiss (blitz)"]
[EventRounds "14"]
[EventCountry "ENG"]
[SourceTitle "BritBase"]
[Source "John Saunders"]
[SourceDate "2024.08.27"]
[SourceVersion "1"]
[SourceVersionDate "2024.08.27"]
[SourceQuality "1"]

1. e4 d6 2. d4 Nf6 3. Nc3 g6 4. f4 Bg7 5. Nf3 O-O 6. Be2 c5 7. d5 e6 8. dxe6 fxe6 9. O-O Nc6 10. h3 Nh5 11. Nh2 Ng3 12. Be3 Nxf1 13. Bxf1 a6 14. a4 Nd4 15. Bc4 Kh8 16. Qd2 Bd7 17. Nd1 Bc6 18. Nf2 d5 19. exd5 exd5 20. Bd3 b6 21. c3 Nb3 22. Qd1 Nxa1 23. Qxa1 Qe8 24. Bd2 Bxa4 25. Nf3 Bb5 26. Qb1 Qe6 27. Ng5 Qd6 28. Bc2 d4 29. Nfe4 Qc6 30. h4 Rae8 31. h5 d3 32. Bxd3 Bxd3 33. Qxd3 Rf5 34. Nd6 Ref8 35. hxg6 hxg6 36. Qh3+ 1-0

[Event "Mindsports Blitz 4th"]
[Site "London"]
[Date "2024.07.23"]
[Round "11.9"]
[White "Mozaffari, Mohammad Hossein"]
[Black "Malinovskii, Ilia"]
[Result "0-1"]
[WhiteElo "1872"]
[BlackElo "1978"]
[PlyCount "64"]
[EventDate "2024.07.23"]
[EventType "swiss (blitz)"]
[EventRounds "14"]
[EventCountry "ENG"]
[SourceTitle "BritBase"]
[Source "John Saunders"]
[SourceDate "2024.08.27"]
[SourceVersion "1"]
[SourceVersionDate "2024.08.27"]
[SourceQuality "1"]

1. e4 c5 2. Nf3 Nc6 3. d4 cxd4 4. Nxd4 e5 5. Nb5 d6 6. a4 Be7 7. N1c3 a6 8. Na3 Rb8 9. Be2 Nf6 10. Be3 O-O 11. Nc4 b5 12. axb5 axb5 13. Nd2 b4 14. Nd5 Nxd5 15. exd5 Nd4 16. Bxd4 exd4 17. Nf3 Bb7 18. Bc4 Bf6 19. O-O Qc7 20. b3 Qc5 21. Qd3 Bxd5 22. Bxd5 Qxd5 23. Rfd1 Rfc8 24. Ra2 Rc3 25. Qd2 Re8 26. h3 h6 27. Ra4 Qc5 28. Ne1 Bg5 29. f4 d3+ 30. Kh2 dxc2 31. Rc1 Bh4 32. Rxc2 Bxe1 0-1

[Event "Mindsports Blitz 4th"]
[Site "London"]
[Date "2024.07.23"]
[Round "11.10"]
[White "Zadvorny, Roman"]
[Black "Alizada, Eldar"]
[Result "0-1"]
[WhiteElo "1722"]
[BlackElo "1929"]
[PlyCount "45"]
[EventDate "2024.07.23"]
[EventType "swiss (blitz)"]
[EventRounds "14"]
[EventCountry "ENG"]
[SourceTitle "BritBase"]
[Source "John Saunders"]
[SourceDate "2024.08.27"]
[SourceVersion "1"]
[SourceVersionDate "2024.08.27"]
[SourceQuality "1"]

1. e4 e6 2. d4 d5 3. Nd2 dxe4 4. Nxe4 Nd7 5. Nf3 Ngf6 6. Nxf6+ Nxf6 7. Bd3 Be7 8. O-O O-O 9. c3 b6 10. Re1 Bb7 11. Qc2 h6 12. Ne5 Qd5 13. f3 c5 14. Be4 Nxe4 15. Qxe4 cxd4 16. Qxd4 Bc5 17. Be3 Bxd4 18. Bxd4 Rfd8 19. Rad1 Qxa2 20. Re2 Rac8 21. h3 f6 22. Ng6 Kf7 23. Rde1 0-1

[Event "Mindsports Blitz 4th"]
[Site "London"]
[Date "2024.07.23"]
[Round "12.1"]
[White "Gasanov, Eldar"]
[Black "Johnson, Daniel"]
[Result "0-1"]
[WhiteElo "2474"]
[BlackElo "2271"]
[PlyCount "157"]
[EventDate "2024.07.23"]
[EventType "swiss (blitz)"]
[EventRounds "14"]
[EventCountry "ENG"]
[SourceTitle "BritBase"]
[Source "John Saunders"]
[SourceDate "2024.08.27"]
[SourceVersion "1"]
[SourceVersionDate "2024.08.27"]
[SourceQuality "1"]

1. c4 e6 2. g3 d5 3. Bg2 Nf6 4. Nf3 Be7 5. d4 O-O 6. Qc2 c5 7. dxc5 dxc4 8. Qxc4 Qd5 9. Nbd2 Qxc5 10. a3 Nc6 11. Qxc5 Bxc5 12. b4 Be7 13. Bb2 Nd5 14. Nc4 b5 15. Nce5 Nxe5 16. Nxe5 Bb7 17. O-O a5 18. bxa5 Rxa5 19. Rfc1 Bf6 20. Rab1 Rfa8 21. e4 Nb6 22. Rc7 Ba6 23. Nc6 Ra4 24. e5 Bd8 25. Nxd8 Rxd8 26. Ra7 Nc4 27. Bd4 h6 28. Bc5 Nxe5 29. Bb4 Nc4 30. Re7 Nxa3 31. Bxa3 Rxa3 32. Ra7 Ra4 33. Bc6 Rc8 34. Bd7 Rb8 35. h4 g6 36. Bc6 Rc8 37. Bd7 Rb8 38. Rc1 Rb7 39. Ra8+ Kg7 40. Be8 Re7 41. Rcc8 Bb7 42. Rxa4 bxa4 43. Rb8 Bd5 44. Bxa4 Ra7 45. Rb4 Rc7 46. Rd4 Rc1+ 47. Rd1 Rc3 48. Bb5 h5 49. Be2 Ra3 50. Bf1 Bf3 51. Rc1 Bd5 52. Rb1 Ra2 53. Re1 Rd2 54. Rc1 Kf6 55. Rb1 g5 56. hxg5+ Kxg5 57. Rc1 h4 58. gxh4+ Kxh4 59. Ra1 Kg5 60. Rc1 f5 61. Re1 Kf4 62. Ra1 e5 63. Ra4+ e4 64. Ra1 Bf7 65. Rc1 Bh5 66. Ra1 Bf3 67. Rc1 Rb2 68. Ra1 Kg4 69. Rc1 f4 70. Ra1 e3 71. fxe3 fxe3 72. Re1 Kf4 73. Bh3 Rb6 74. Kh2 Rb2+ 75. Kg1 Rb6 76. Kh2 Rh6 77. Ra1 e2 78. Re1 Ke3 79. Kg3 0-1